000 01014pam a2200301 a 4500
999 _c527611
_d527611
001 17272488
003 NUST
005 20190801054902.0
008 120425s2012 paua bp 001 0 eng
010 _a 2012392696
020 _a9780803625433
038 _aIESE
040 _aDLC
_cDLC
_dDLC
042 _apcc
050 0 0 _a616.96 LEV
_b.L38 2012
082 0 0 _a616.96 LEV
_223
100 1 _aLeventhal, Ruth.
_918954
245 1 0 _aMedical parasitology :
_ba self-instructional text /
_cRuth Leventhal, Russell F. Cheadle ; illustrations by Elliot Hoffman.
250 _a6th ed.
260 _aPhiladelphia :
_bF.A. Davis,
_cc2012.
300 _axiv, 203 p. :
_bcol. ill. ;
_c28 cm.
504 _aIncludes bibliographical references and index.
650 0 _aMedical parasitology
_xProgrammed instruction.
_918955
700 1 _aCheadle, Russell F.
_918956
906 _a7
_bcbc
_corigcop
_d3
_encip
_f20
_gy-gencatlg
942 _2ddc
_cBK
_kIESE